| 000 | 00727nam a2200289Ia 4500 | ||
|---|---|---|---|
| 001 | Z_2487 | ||
| 003 | CHAP | ||
| 008 | 220113s1968 xx 000 0 und d | ||
| 010 | _a165544 | ||
| 040 | _cCHAP | ||
| 082 | _a547.045 S2y | ||
| 100 |
_aSchwarz, J. C. P. _9139460 |
||
| 245 |
_aMétodos físicos en química orgánica / _cpor J. C. P. Schwarz |
||
| 260 |
_aZaragoza : _bAcribia, _c1968 |
||
| 300 | _a371 p. | ||
| 440 | _a | ||
| 500 | _aTrad. De : Physical methods in oganic chemistry | ||
| 503 | _a | ||
| 650 |
_aFisicoquímica _941125 |
||
| 650 |
_aQuímica orgánica _xExperimentos _993600 |
||
| 901 | _a547.045 S2y | ||
| 902 | _aA | ||
| 910 | _a1968 | ||
| 942 | _c1 | ||
| 942 | _cc1 | ||
| 999 |
_c165544 _d165544 |
||